Lego Series 27 Minifigures by Picture - Statistics

General Stats
  • This quiz has been taken 15 times
  • The average score is 9 of 12
Answer Stats
Picture Answer % Correct
Cupid
92%
Pterodactyl Costume Fan
92%
Bogeyman
85%
Cat Lover
85%
Pirate Quartermaster
85%
Wolfpack Beastmaster
85%
Hamster Costume Fan
77%
Longboarder
69%
Steampunk Inventor
69%
Astronomer Kid
62%
Jetpack Racer
62%
Plush Toy Collector
62%
No matching quizzes found
Score Distribution
Percent of People with Each Score
Percentile by Number Answered
Your Score History
You have not taken this quiz